| 000 | 00372nam a2200109Ia 4500 | ||
|---|---|---|---|
| 008 | 171204s9999 xx 000 0 und d | ||
| 245 | _aStillness in Motion: Italy, Photography, and the Meanings of Modernity: | ||
| 245 | _cGiuliana Minghelli and Sarah Patricia HIll | ||
| 260 | _c2014 | ||
| 650 | _xBasic Photography | ||
| 856 | _uhttp://down.ebook777.com/042/144264933X.pdf | ||
| 999 |
_c346257 _d346257 |
||